Ekonomické dôsledky rozširovania integračných procesov z pohľadu Portugalska
Možné následky rozširovania Európskej únie o desať nových štátov v máji 2004, ako aj jej plánovaného budúceho rozšírenia. Rozšírenie EÚ a jeho vplyv na zahraničnoobchodnú výmenu. Podobnosť vývozných štruktúr Portugalska a nových členských krajín EÚ. Porovnanie konkurencieschopnosti vývozov Portugals...
Salvato in:
| Autore principale: | |
|---|---|
| Altri autori: | |
| Natura: | Capitolo di libro |
| Lingua: | slovacco |
| Soggetti: | |
| Tags: |
Nessun Tag, puoi essere il primo ad aggiungerne!!
|
MARC
| LEADER | 00000naa$a2200000$$$4500 | ||
|---|---|---|---|
| 001 | 0036150 | ||
| 005 | 20240502071450.6 | ||
| 041 | 0 | |a slo | |
| 044 | |a SK | ||
| 245 | 1 | 0 | |a Ekonomické dôsledky rozširovania integračných procesov z pohľadu Portugalska |c Zuzana Mogyorosiová, Tatiana Ecetová |
| 520 | |a Možné následky rozširovania Európskej únie o desať nových štátov v máji 2004, ako aj jej plánovaného budúceho rozšírenia. Rozšírenie EÚ a jeho vplyv na zahraničnoobchodnú výmenu. Podobnosť vývozných štruktúr Portugalska a nových členských krajín EÚ. Porovnanie konkurencieschopnosti vývozov Portugalska a nových členských krajín EÚ. Nové krajiny ako konkurenti pri získavaní PZI. Nové krajiny ako zdroj investičných príležitostí. | ||
| 610 | 2 | 0 | |a integrácia ekonomická medzinárodná |
| 610 | 2 | 0 | |a Európska únia |
| 610 | 2 | 0 | |a krajiny tranzitívne |
| 610 | 2 | 0 | |a obchod zahraničný |
| 610 | 2 | 0 | |a investície priame zahraničné |
| 610 | 2 | 0 | |a politika obchodná |
| 610 | 2 | 0 | |a Portugalsko |
| 610 | 2 | 0 | |a konkurencia |
| 100 | 1 | |a Mogyorosiová, Zuzana, 1975- | |
| 700 | 1 | |a Ecetová, Tatiana | |